Pakistani cities - Sudden Death - Statistics

General Stats
  • This quiz has been taken 72 times
  • The average score is 7 of 10
Answers on the Grid
Answers color-coded by a green-red scale on the quiz's grid according to % correct below.
Karachi
Lahore
Islamabad
Faisalabad
Peshawar
Quetta
Sukkur
Gujranwala
Multan
Ormara
Darjeeling
Lhasa
Ta'izz
Tabriz
Gyumri
Prome
Kunming
Hua Hin
Kuching
Eldoret
 
Answer Stats
Answer % Correct
Islamabad
97%
Karachi
91%
Lahore
90%
Faisalabad
83%
Peshawar
81%
Gujranwala
72%
Multan
69%
Quetta
67%
Sukkur
57%
Ormara
24%
No matching quizzes found
Score Distribution
Percent of People with Each Score
Percentile by Number Answered
Your Score History
You have not taken this quiz